000 00544nam a22001817a 4500
005 20220720095834.0
008 220719b ||||| |||| 00| 0 eng d
040 _cAL
041 _aEnglish
082 _223
_a354.66700
_bSARB
100 _aSaraswaty Press Limited
_951576
245 _aBudget Statement by Dr.Asim Kumar Dasgupta 2000-2001
260 _aWest Bengal
_bGovernment of West Bengal
_c2000
300 _a71 p.
_bPB
_c23x16 cm.
650 _aBudget Statement
_951577
700 _aSARASWATY PRESS LIMITED
_951578
942 _2ddc
_cGF
999 _c224007
_d224007